The Double-Edged Nature of the Gonadotropin-Releasing Hormone Agonist (GnRHa) Long Protocol A Case of Paradoxical Ovarian Hyperstimulation During the Expected Downregulation Phase /

Objectives: Our aim is to report an uncommon pituitary activation occurring during the desensitization phase of the gonadotropin-releasing hormone agonist (GnRHa) long protocol, a cornerstone of medically assisted reproduction (MAR) therapy, in a young woman. Results: We present a case of a 33-year-...

Teljes leírás

Elmentve itt :
Bibliográfiai részletek
Szerzők: Nádasdi Bernadett
Kovács Péter
Csajbók Éva
Wellinger Károly
Vágvölgyi Anna
Zádori János
Dokumentumtípus: Cikk
Megjelent: 2025
Sorozat:JOURNAL OF CLINICAL MEDICINE 14 No. 14
Tárgyszavak:
doi:10.3390/jcm14144992

mtmt:36250491
Online Access:http://publicatio.bibl.u-szeged.hu/37280
LEADER 03127nab a2200277 i 4500
001 publ37280
005 20250721080601.0
008 250721s2025 hu o 000 eng d
022 |a 2077-0383 
024 7 |a 10.3390/jcm14144992  |2 doi 
024 7 |a 36250491  |2 mtmt 
040 |a SZTE Publicatio Repozitórium  |b hun 
041 |a eng 
100 1 |a Nádasdi Bernadett 
245 1 4 |a The Double-Edged Nature of the Gonadotropin-Releasing Hormone Agonist (GnRHa) Long Protocol  |h [elektronikus dokumentum] :  |b A Case of Paradoxical Ovarian Hyperstimulation During the Expected Downregulation Phase /  |c  Nádasdi Bernadett 
260 |c 2025 
300 |a 11 
490 0 |a JOURNAL OF CLINICAL MEDICINE  |v 14 No. 14 
520 3 |a Objectives: Our aim is to report an uncommon pituitary activation occurring during the desensitization phase of the gonadotropin-releasing hormone agonist (GnRHa) long protocol, a cornerstone of medically assisted reproduction (MAR) therapy, in a young woman. Results: We present a case of a 33-year-old female patient with secondary infertility, who exhibited a prolonged and asynchronous follicular development during ovarian stimulation using the GnRH antagonist protocol. Therefore, during a repeat attempt, the long GnRH agonist protocol was employed. Surprisingly, rather than achieving suppression with the agonist, ultrasound detected many large follicles in both ovaries, accompanied by extremely elevated estrogen levels, indicating imminent ovarian hyperstimulation syndrome (OHSS). This unusual phenomenon was also observed during a subsequent attempt using the long protocol in another reproductive center. As part of the work-up to identify the underlying etiology, contrast-enhanced magnetic resonance imaging (MRI) of the sella turcica was performed, which revealed an 11 × 13 × 10 mm pituitary macroadenoma without evidence of pathological hormone secretion. The luteinizing hormone-releasing hormone (LHRH) stimulation test showed a normal luteinizing hormone and follicle-stimulating hormone response. Other abnormalities of the hypothalamo–hypophyseal–target-organ axis were not found. Neurosurgical intervention was deemed unnecessary; radiological follow-up of the lesion was recommended. Conclusions: In this case, the clinical presentation was markedly different from the expected suppressive effects of GnRH agonist therapy, with profoundly elevated estrogen levels and clinical signs of imminent OHSS. Notably, hypersensitivity of the adenohypophysis was not demonstrated following a single physiological LHRH stimulation test. However, the presence of a pituitary adenoma identified on MRI raises the possibility that gonadotropin receptor function was altered by the lesion—an effect revealed only after repeated GnRH agonist exposure, resulting in a paradoxical stimulatory response. 
650 4 |a Klinikai orvostan 
700 0 1 |a Kovács Péter  |e aut 
700 0 1 |a Csajbók Éva  |e aut 
700 0 1 |a Wellinger Károly  |e aut 
700 0 1 |a Vágvölgyi Anna  |e aut 
700 0 1 |a Zádori János  |e aut 
856 4 0 |u http://publicatio.bibl.u-szeged.hu/37280/1/Nadasdi.pdf  |z Dokumentum-elérés